00409nam a2200169Ia 4500008004000000041000800040082001300048100001600061245004400077260005400121650001200175650000800187650000700195650001000202650001100212650001600223210210b1915 xxu||||| |||| 00| 0 eng d aeng a822/1279 aWOOD (Eric) aFamous voyages of the great discoveries aLondonbGeorge G Harrap and Company Limitedc1915 avoyages athe aof agreat aFamous adiscoveries